Xiao jing song yi /

Saved in:
Bibliographic Details
Other Authors: Okamoto, Komsuke, 1839-1904.
Format: Book
Language:Chinese
Published: Shanghai : Shang wu yin shu guan, Qing Guangxu 27 [1901]
Subjects:
Tags: Add Tag
No Tags, Be the first to tag this record!
LEADER 00937cam a2200253ui 4500
001 007717258-2
005 20024617112705.0
008 980223s1901 cc 000 0 chi d
035 0 |a ocm38492790 
040 |a *YNH*  |c *YNH*  |d CStRLIN 
130 0 |6 880-01  |a Xiao jing. 
245 1 0 |6 880-02  |a Xiao jing song yi /  |c Gangben Jianfu [Wei An] zhuan. 
260 |6 880-03  |a Shanghai :  |b Shang wu yin shu guan,  |c Qing Guangxu 27 [1901] 
300 |a 1, 24 double |. in case ;  |c 20 cm. 
500 |6 880-04  |a Publishing date also in Japanese: Minzhi 34 [1901] 
650 0 |a Filial piety. 
700 1 |6 880-05  |a Okamoto, Komsuke,  |d 1839-1904. 
880 0 |6 130-01  |a 孝經. 
880 1 0 |6 245-02  |a 孝經頌義 /  |c 岡本監輔[韋庵]撰. 
880 |6 260-03  |a 上海 :  |b 商務印書館,  |c 清光緖27 [1901] 
880 |6 500-04  |a Publishing date also in Japanese: 明治34 [1901] 
880 1 |6 700-05  |a 岡本監輔,  |d 1839-1904. 
988 |a 20021121 
906 |0 MH